Comparison of dracaena growth on three different substances, ប្រៀបធៀបការលូតលាស់របស់ផ្កាត្រាស៊ីណាលើល្បាយបីប្រភេទខុសៗគ្នា (Record no. 1328)
[ view plain ]
| 000 -LEADER | |
|---|---|
| fixed length control field | 00601nam a22001577a 4500 |
| 003 - CONTROL NUMBER IDENTIFIER | |
| control field | OSt |
| 005 - DATE AND TIME OF LATEST TRANSACTION | |
| control field | 20150927113530.0 |
| 008 - FIXED-LENGTH DATA ELEMENTS--GENERAL INFORMATION | |
| fixed length control field | 150927b xxu||||| |||| 00| 0 eng d |
| 040 ## - CATALOGING SOURCE | |
| Transcribing agency | RUA |
| 082 ## - DEWEY DECIMAL CLASSIFICATION NUMBER | |
| Classification number | ATM.Sp CHH 2003 B058 Or.1 |
| 100 ## - MAIN ENTRY--PERSONAL NAME | |
| 9 (RLIN) | 1413 |
| Personal name | CHHEM, THA. |
| 245 ## - TITLE STATEMENT | |
| Title | Comparison of dracaena growth on three different substances, ប្រៀបធៀបការលូតលាស់របស់ផ្កាត្រាស៊ីណាលើល្បាយបីប្រភេទខុសៗគ្នា |
| 260 ## - PUBLICATION, DISTRIBUTION, ETC. (IMPRINT) | |
| Place of publication, distribution, etc. | Phnom Penh |
| Name of publisher, distributor, etc. | RUA |
| Date of publication, distribution, etc. | 2003 |
| 300 ## - PHYSICAL DESCRIPTION | |
| Extent | 36p. |
| Other physical details | ill. |
| Dimensions | 29cm. |
| 942 ## - ADDED ENTRY ELEMENTS (KOHA) | |
| Source of classification or shelving scheme | |
| Koha item type | ATM.s |
| Price effective from | Date last seen | Permanent Location | Not for loan | Date acquired | Source of classification or shelving scheme | Koha item type | Lost status | Withdrawn status | Date last checked out | Total Checkouts | Shelving location | Damaged status | Barcode | Current Location | Full call number |
|---|---|---|---|---|---|---|---|---|---|---|---|---|---|---|---|
| 2015-09-27 | 2015-09-27 | Library Block B | 2015-09-27 | ATM.s | B058 | RUA001415 | Library Block B | ATM.Sp CHH 2003 B058 Or.1 | |||||||
| 2015-09-27 | 2015-09-27 | Library Block B | 2015-09-27 | ATM.s | B058 | RUA001127 | Library Block B | ATM.Sp CHH 2003 B058 Or.2 | |||||||
| 2015-09-27 | 2015-09-27 | Library Block B | 2015-09-27 | ATM.s | B058 | RUA001199 | Library Block B | ATM.Sp CHH 2003 B058 Or.3 | |||||||
| 2015-09-27 | 2015-09-27 | Library Block B | 2015-09-27 | ATM.s | B058 | RUA001343 | Library Block B | ATM.Sp CHH 2003 B058 Or.4 | |||||||
| 2015-09-27 | 2017-12-08 | Library Block B | 2015-09-27 | ATM.s | 2017-10-20 | 2 | B058 | RUA001271 | Library Block B | ATM.Sp CHH 2003 B058 Or.5 | |||||
| 2015-09-27 | 2016-07-27 | Library Block B | 2015-09-27 | ATM.s | 2016-07-12 | 1 | B058 | RUA001482 | Library Block B | ATM.Sp CHH 2003 B058 Or.6 | |||||
| 2015-09-27 | 2015-09-27 | Library Block B | 2015-09-27 | ATM.s | B058 | RUA001410 | Library Block B | ATM.Sp CHH 2003 B058 Or.7 | |||||||
| 2015-09-27 | 2015-09-27 | Library Block B | 2015-09-27 | ATM.s | B058 | RUA017780 | Library Block B | ATM.Sp CHH 2003 B058 Or.8 |